LIBRARY & INFORMATION CENTRE, KCAET, TAVANUR

ONLINE PUBLIC ACCESS CATALOGUE (OPAC)

Artificial neural network model for prediction of rainfall and evaporation (Record no. 17406)

MARC details
000 -LEADER
fixed length control field 00456nam a22001577a 4500
003 - CONTROL NUMBER IDENTIFIER
control field OSt
082 ## - DEWEY DECIMAL CLASSIFICATION NUMBER
Classification number 627.52
Item number ASW/AR
088 ## - REPORT NUMBER
Report number P 517
100 ## - MAIN ENTRY--AUTHOR NAME
Personal name Aswathi T
100 ## - MAIN ENTRY--AUTHOR NAME
Personal name Haritha M
100 ## - MAIN ENTRY--AUTHOR NAME
Personal name Shamili K P
245 ## - TITLE STATEMENT
Title Artificial neural network model for prediction of rainfall and evaporation
260 ## - PUBLICATION, DISTRIBUTION, ETC. (IMPRINT)
Place of publication KCAET, Tavanur
Name of publisher Department of irrigation and drainage engineering
Year of publication 2021
700 ## - ADDED ENTRY--PERSONAL NAME
Personal name Sasikala D (Guide)
942 ## - ADDED ENTRY ELEMENTS (KOHA)
Koha item type Project Report
Holdings
Collection code Home library Current library Shelving location Full call number Accession Number Koha item type
Reference KAUAET KAUAET Reference 627.52 ASW/ART P 517 Project Report
free website counter